000 00592nam a2200217 a 4500
001 0001-2214
003 ELIB.Books
008 190803 2010 eng
020 _a0131192981
092 _a658.04
_bLau
100 _aSawyer-Laucanno, Christopher.
245 _aCase Studies in International Management
260 _aEnglewood Cliffs
_bPrentics-Hall
_c1987
300 _a138
_c23.5cm
650 _aBusiness Management
856 _nKBTS Library
_uKBTS Elib
942 _2ddc
_cBK
990 _a1
998 _aEnglishbooks.elf
_ccat
_e2019-08-03
999 _c12214
_d12214